logo

Bir Sreshtho Munshi Abdur Rouf Library
Jhenaidah Cadet College

রবীন্দ্রনাথ / (Record no. 1039)

MARC details
000 -LEADER
fixed length control field 00650nam a2200217 a 4500
001 - CONTROL NUMBER
JCCL Control Number 1039
003 - CONTROL NUMBER IDENTIFIER
JCCL marc code BD-JhCC
005 - DATE AND TIME OF LATEST TRANSACTION
control field 20171015120428.0
008 - FIXED-LENGTH DATA ELEMENTS--GENERAL INFORMATION
fixed length control field 171014s1986 bg | ||| |||| 00| 0 ben d
035 ## - SYSTEM CONTROL NUMBER
system control number (BD-JhCC) 1039
040 ## - CATALOGING SOURCE
Original cataloging agency BD-JhCC
Modifying agency BD-JhCC
041 ## - LANGUAGE CODE
Language code of Book ben
082 ## - DEWEY DECIMAL CLASSIFICATION NUMBER
Classification number 891.4409
Author mark and Year ROB 1986
245 ## - TITLE STATEMENT
Title রবীন্দ্রনাথ /
Statement of responsibility, etc সৈয়দ আলী আহসান, ... (et al)
260 ## - PUBLICATION, DISTRIBUTION, ETC. (IMPRINT)
Place of publication, distribution, etc ঢাকাঃ
Name of publisher, distributor, etc বাংলা একাডেমী,
Date of publication, distribution, etc 1986
300 ## - PHYSICAL DESCRIPTION
Pagination 141 p. :
Dimensions 21
650 ## - SUBJECT ADDED ENTRY--TOPICAL TERM
Topical term or geographic name as entry element Bengali literature
700 ## - ADDED ENTRY--PERSONAL NAME
Personal name আহসান, সৈয়দ আলী
942 ## - ADDED ENTRY ELEMENTS (KOHA)
Source of classification or shelving scheme Dewey Decimal Classification
Koha item type Books
Holdings
Source of classification or shelving scheme Damaged status Not for loan Home library Current library Shelving location Date of accession Cost, normal purchase price Total Checkouts Full call number Barcode Date last seen Copy number Koha item type
Dewey Decimal Classification     JCC Rouf Library JCC Rouf Library General Stacks 10/14/2017 40.00   891.4409 ROB 1986 2017 10/14/2017 C-1 Books

JCC Library | Contacts | JCC Home

Last Update on 23 September 2017
Copyright @ 2017-2020 JCC Rouf Library
Rouf Library, Jhenidah Cadet College (JCC), Bangladesh